Statistics for Asian Geography By Letter - U

Click here to take the quiz!

General Stats

  • This quiz has been taken 1,427 times
    (1,234 since last reset)
  • The average score is 12 of 17

Answer Stats

HintAnswer% Correct
Neighbor of TajikistanUzbekistan
99%
Dubai, Abu Dhabi, etc...United Arab
Emirates
95%
Capital of MongoliaUlaanbaatar
93%
National language of PakistanUrdu
91%
Country that controlled the
Philippines between 1898–1946
United States
90%
Mountain range dividing
Europe and Asia
Urals
88%
Kazakhstan produces 40% of this
element worldwide
Uranium
86%
Country that controls Akrotiri and
Dhekelia parts of Cyprus
United Kingdom
84%
Spiny sea creature eaten as sushiUrchin
62%
Ethnic minority of northwest China.
Some have blue eyes
Uyghur
59%
Japanese noodle soupUdon
58%
Small submachine gun,
first made in Israel
Uzi
56%
Indian state with 200 million peopleUttar Pradesh
53%
The flavor of MSGUmami
51%
Biggest city in northwestern ChinaÜrümqi
44%
Mosque in Damascus with
namesake of an Islamic empire
Umayyad Mosque
32%
Major Korean city north of BusanUlsan
20%

Score Distribution

Percentile by Number Answered

Percent of People with Each Score

Your Score History

You have not taken this quiz since the last reset